[Event "POL-ch blitz"]
[Site "Szczawno Zdroj"]
[Date "2018.12.16"]
[Round "1"]
[White "Mickiewicz, Piotr"]
[Black "Kowalik, Waldemar"]
[Result "1-0"]
[WhiteElo "2237"]
[BlackElo "1661"]
[PlyCount "73"]
[EventDate "2018.12.16"]
[EventType "swiss (blitz)"]
[EventRounds "15"]
[EventCountry "POL"]
[SourceTitle "CBM 187 Extra"]
[Source "ChessBase"]
[SourceDate "2018.11.04"]
[SourceVersion "1"]
[SourceVersionDate "2018.11.04"]
[SourceQuality "1"]

1. Nf3 d5 2. g3 Nf6 3. Bg2 c5 4. c4 d4 5. 0-0 Nc6 6. e3 e5 7. exd4 exd4 8. Re1+ Be7 9. d3 0-0 10. Bf4 Bd6 11. Ne5 Nxe5 12. Bxe5 Bxe5 13. Rxe5 Qc7 14. Re1 Bg4 15. Qb3 Rab8 16. Nd2 b6 17. Ne4 Nxe4 18. Rxe4 Bf5 19. Re2 Rfe8 20. Rae1 Qd7 21. Qd1 Bg6 22. Bd5 Kf8 23. Re5 Rxe5 24. Rxe5 Re8 25. Qe2 f6 26. Rxe8+ Qxe8 27. Qf3 Qe1+ 28. Kg2 Qd2 29. Qg4 f5 30. Qf3 Qe1 31. Qf4 Qe7 32. b4 h6 33. b5 Qd7 34. h4 Ke7 35. Qe5+ Kd8 36. Bc6 Qe7 37. Qb8# 1-0

[Event "Groningen Combinatie op"]
[Site "Groningen"]
[Date "2016.05.08"]
[Round "7"]
[White "Kowalik, Waldemar"]
[Black "Bodewes, Peter"]
[Result "1/2-1/2"]
[WhiteElo "1792"]
[BlackElo "1828"]
[PlyCount "68"]
[EventDate "2016.05.05"]
[EventType "swiss"]
[EventRounds "7"]
[EventCountry "NED"]
[SourceTitle "CBM 172 Extra"]
[Source "ChessBase"]
[SourceDate "2016.06.21"]
[SourceVersion "1"]
[SourceVersionDate "2016.06.21"]
[SourceQuality "1"]

1. d4 d5 2. c4 dxc4 3. Qa4+ Nc6 4. e3 a6 5. Bxc4 e6 6. Nf3 Nf6 7. Nc3 Bd7 8. Qd1 Be7 9. 0-0 0-0 10. e4 b5 11. Bd3 Nb4 12. Bb1 c5 13. d5 exd5 14. exd5 Bg4 15. h3 Bh5 16. g4 Bg6 17. Ne5 Bxb1 18. Rxb1 Nfxd5 19. Qe2 Qc7 20. Nxd5 Nxd5 21. Rd1 Rad8 22. Nf3 Rfe8 23. a4 c4 24. axb5 Bc5 25. Be3 Bxe3 26. fxe3 Qg3+ 27. Kh1 Qxh3+ 28. Kg1 Qxg4+ 29. Kf2 axb5 30. Rd4 Qe6 31. Rbd1 f5 32. Qd2 f4 33. exf4 Qb6 34. Kg3 Qg6+ 1/2-1/2

[Event "Wroclaw Cup-B"]
[Site "Wroclaw"]
[Date "2012.04.30"]
[Round "1"]
[White "Szczepaniak, Lukasz"]
[Black "Kowalik, Waldemar"]
[Result "1-0"]
[WhiteElo "1424"]
[BlackElo "1761"]
[PlyCount "171"]
[EventDate "2012.04.30"]
[EventType "swiss"]
[EventRounds "9"]
[EventCountry "POL"]
[SourceTitle "EXT 2013"]
[Source "ChessBase"]
[SourceDate "2012.11.22"]
[SourceVersion "1"]
[SourceVersionDate "2012.11.22"]
[SourceQuality "1"]

1. e4 c5 2. Nf3 d6 3. d4 cxd4 4. Nxd4 Nf6 5. Nc3 a6 6. f3 e5 7. Nb3 Be6 8. Be3 Nbd7 9. Qd2 b5 10. a3 Nb6 11. Qf2 Nc4 12. Bxc4 bxc4 13. Nd2 Be7 14. 0-0 0-0 15. b4 cxb3 16. cxb3 Rb8 17. b4 d5 18. exd5 Nxd5 19. Nxd5 Qxd5 20. Rfd1 Rfd8 21. Qe2 Qd3 22. Qe1 Qc2 23. Rdc1 Qd3 24. Ne4 Qb5 25. Nc5 Bd5 26. Bf2 a5 27. bxa5 Ra8 28. a6 f6 29. Rab1 Qe8 30. Nb7 Rdb8 31. Rd1 Bc6 32. Qe2 Bxa3 33. Qa2+ Kh8 34. Qxa3 Bxb7 35. a7 Rd8 36. Rxd8 Qxd8 37. Qb4 Bd5 38. Qb8 Qg8 39. Qd6 Rd8 40. Qb8 h6 41. Bc5 e4 42. Be7 Rc8 43. Qf4 exf3 44. gxf3 Qe6 45. Rb8 Kh7 46. Qd2 Rc7 47. Qd3+ f5 48. Rb5 Rc1+ 49. Kf2 Qe1+ 50. Kg2 Qg1+ 51. Kh3 Rc6 52. Rb1 Qxa7 53. Qxd5 Rg6 54. Bc5 Qa5 55. Qxf5 Qa6 56. Rg1 Qe6 57. Qxe6 Rxe6 58. Bd4 Re7 59. Kg3 Rd7 60. Be3 Rd3 61. Kf2 Rb3 62. Bd4 g5 63. Re1 Rd3 64. Bc5 Rd5 65. Bb4 Rb5 66. Re7+ Kg6 67. Bc3 h5 68. Re6+ Kh7 69. Kg3 Rc5 70. Bf6 Rf5 71. Be7 Kg8 72. Ra6 Kf7 73. Ba3 Rb5 74. h4 gxh4+ 75. Kxh4 Rf5 76. Kg3 Kg7 77. Bc1 Rc5 78. Be3 Rd5 79. Bf2 Rf5 80. f4 Rd5 81. Kf3 Rd3+ 82. Ke4 Rd2 83. Bd4+ Kh7 84. Bf6 Rh2 85. Kf5 h4 86. Ra8 1-0

[Event "Wroclaw New Year op"]
[Site "Wroclaw"]
[Date "2011.12.28"]
[Round "?"]
[White "Kowalik, Waldemar"]
[Black "Skotny, Agata"]
[Result "1-0"]
[WhiteElo "1790"]
[BlackElo "1453"]
[PlyCount "77"]
[EventDate "2011.12.28"]
[EventType "swiss"]
[EventRounds "5"]
[EventCountry "POL"]
[SourceTitle "EXT 2023"]
[Source "ChessBase"]
[SourceDate "2022.10.05"]
[SourceVersion "1"]
[SourceVersionDate "2022.10.05"]
[SourceQuality "1"]

1. d4 d5 2. Nf3 Nf6 3. c4 e6 4. Nc3 Be7 5. Bg5 0-0 6. e3 c6 7. Qc2 Nbd7 8. a3 Re8 9. Bd3 dxc4 10. Bxc4 Qc7 11. 0-0 e5 12. dxe5 Nxe5 13. Nxe5 Qxe5 14. Bf4 Qh5 15. Be2 Qg6 16. Bd3 Qh5 17. f3 Be6 18. e4 Bc5+ 19. Kh1 Rad8 20. Rad1 Bd6 21. g4 Qa5 22. b4 Qc7 23. Nb5 cxb5 24. Qxc7 Bxc7 25. Bxc7 Rc8 26. Be5 Nd7 27. Bd4 a6 28. Rfe1 Red8 29. h3 Bc4 30. f4 Ne5 31. Bb1 Nf3 32. Bb6 Rxd1 33. Rxd1 Re8 34. e5 f6 35. exf6 gxf6 36. Kg2 Ne1+ 37. Kg3 Nd3 38. Bxd3 Bxd3 39. Rxd3 1-0

[Event "Wroclaw New Year op"]
[Site "Wroclaw"]
[Date "2011.12.28"]
[Round "?"]
[White "Kowalik, Waldemar"]
[Black "Somyk, Marcin"]
[Result "0-1"]
[WhiteElo "1790"]
[BlackElo "1931"]
[PlyCount "108"]
[EventDate "2011.12.28"]
[EventType "swiss"]
[EventRounds "5"]
[EventCountry "POL"]
[SourceTitle "EXT 2023"]
[Source "ChessBase"]
[SourceDate "2022.10.05"]
[SourceVersion "1"]
[SourceVersionDate "2022.10.05"]
[SourceQuality "1"]

1. d4 d5 2. c4 Nc6 3. Nc3 Nf6 4. cxd5 Nxd5 5. e4 Nxc3 6. bxc3 e5 7. Bb5 exd4 8. Bxc6+ bxc6 9. cxd4 Bb4+ 10. Kf1 Bc3 11. Be3 Ba6+ 12. Ne2 Bxa1 13. Qxa1 0-0 14. f3 Qe7 15. Qc3 Rab8 16. Kf2 Qb4 17. Rc1 Qxc3 18. Nxc3 Rb4 19. d5 Rc4 20. dxc6 Rxc6 21. Bxa7 Rd8 22. Be3 Rd3 23. Rb1 f6 24. Nd5 Rc2+ 25. Kg3 Ra3 26. Nb4 Rc4 27. Bc1 Ra4 28. a3 c6 29. Bb2 c5 30. Nd5 Rc2 31. Nc3 Rd4 32. Ba1 Rdd2 33. Rg1 Rd3 34. Nb1 Bc4 35. a4 Ba2 36. e5 fxe5 37. Bxe5 Rb3 38. Nc3 Rbxc3 39. Bxc3 Rxc3 40. a5 Ra3 41. Rc1 c4 42. Kf4 Rxa5 43. Ke4 Ra8 44. g3 Rd8 45. h4 Kf7 46. f4 Ke6 47. f5+ Kd6 48. g4 Kc5 49. g5 Re8+ 50. Kf4 Kb4 51. h5 Kb3 52. f6 gxf6 53. gxf6 c3 54. Kg5 Kb2 0-1

[Event "Wroclaw New Year op"]
[Site "Wroclaw"]
[Date "2011.12.28"]
[Round "?"]
[White "Kowalik, Waldemar"]
[Black "Wandowicz, Kajetan"]
[Result "1/2-1/2"]
[WhiteElo "1790"]
[BlackElo "1654"]
[PlyCount "167"]
[EventDate "2011.12.28"]
[EventType "swiss"]
[EventRounds "5"]
[EventCountry "POL"]
[SourceTitle "EXT 2023"]
[Source "ChessBase"]
[SourceDate "2022.10.05"]
[SourceVersion "1"]
[SourceVersionDate "2022.10.05"]
[SourceQuality "1"]

1. d4 Nf6 2. Nf3 g6 3. c4 Bg7 4. Nc3 d6 5. e4 0-0 6. Be2 e5 7. dxe5 dxe5 8. Qxd8 Rxd8 9. Bg5 Re8 10. 0-0-0 c6 11. h3 Nbd7 12. Be3 h6 13. g4 Bf8 14. g5 hxg5 15. Nxg5 Bc5 16. Rd3 Kg7 17. h4 Rh8 18. Kc2 Bxe3 19. Rxe3 Nf8 20. Rg3 Nh5 21. Bxh5 Rxh5 22. Nf3 f6 23. Rhg1 Kf7 24. Ne2 Ke7 25. R3g2 Bh3 26. Rh2 Be6 27. Ng3 Rh6 28. Kc3 Nd7 29. h5 g5 30. Rhh1 Rah8 31. Nh2 Kd8 32. f3 Kc7 33. Ng4 R6h7 34. Rd1 Rf8 35. Nf5 Bxf5 36. exf5 Nb6 37. h6 Nc8 38. Rh2 Ne7 39. Ne3 Ng8 40. Ng4 a5 41. Rhd2 Kc8 42. Rd6 Nxh6 43. Rh1 Nxf5 44. Rxf6 Rxf6 45. Rxh7 Rf8 46. Nxe5 Nh4 47. Rh5 Nxf3 48. Ng6 Rf6 49. Rh8+ Kc7 50. Rg8 Kb6 51. Nf8 Rf7 52. Ne6 Rf5 53. Rg7 Re5 54. Nd8 Re3+ 55. Kc2 Re2+ 56. Kb3 Nd2+ 57. Kc3 Ne4+ 58. Kb3 Nc5+ 59. Ka3 Re8 60. Nf7 Re7 61. Rh7 g4 62. Ng5 Rxh7 63. Nxh7 g3 64. Ng5 g2 65. Nf3 Ne6 66. b3 Nd4 67. Ng1 Kc5 68. Kb2 b5 69. cxb5 cxb5 70. Kc3 b4+ 71. Kd3 Kd5 72. Ke3 Nb5 73. Ne2 Nc3 74. Nf4+ Kc6 75. Nxg2 Nxa2 76. Kd3 Kb5 77. Ne3 a4 78. bxa4+ Kxa4 79. Kc2 b3+ 80. Kb2 Nb4 81. Nc4 Nd3+ 82. Kc3 b2 83. Nxb2+ Nxb2 84. Kxb2 1/2-1/2